000 00697nam a2200241 i 4500
001 bg
100 1 _aFerenc, Michał.
245 1 0 _aPodstawy automatyki /
_cMichał Ferenc.
260 _aOpole :
_bOficyna Wydawnicza Politechniki Opolskiej,
_c2008.
300 _a[2], 194 s. :
_bil. ;
_c24 cm.
490 1 _aSkrypt / Politechnika Opolska,
_x1427-9932 ;
_vnr 281
504 _aBibliogr. s. 193-194.
650 9 _aAutomatyka
655 _aPodręczniki akademickie
830 0 _aSkrypt - Politechnika Opolska
_vnr 281
015 _aPB 18347/2008
040 _cBPK
041 _apol
044 _aPOL
080 _a681.5(075.8)
942 _cKS
008 080707s2008 pl a f f |000 0 pol
999 _c55347
_d55347
856 _uhttp://koha.tu.koszalin.pl/cgi-bin/koha/opac-detail.pl?biblionumber=55347
_yKatalog online BPK